000 01306cam a22001934a 4500
005 20250605164339.0
008 250528s ||||||||||||||||||||||||d
035 _a23557
040 _aGR-AtMCL
_bgre
_dGR-AtMCL
_eAACR2
245 1 _aThe Role of Internalized Homophobia and Distress in Gay Men's Attitudes Towards Seeking Psychotherapy/MSc Integrative Counceling and Psychotherapy: Individual Research Project
260 _c2019
300 _a85
520 _aIntroduction, Literature Review, Internalized Homophobia and Attitudes Towards Homosexuality, Gay Affirmative Psychotherapy, Gay Affirmative Cognitive Behavioural Psychotherapy, Attitudes Towards Seeking Psychotherapy, Age, Coming Out and Sexual Orientation, Self Disclosure and Self Concealment Disclosure, Hypotheses, Method, Design, Participants, mMaterials, Procedure, Ethics, Results, Discussion, Hypotheses Discussion, Limitations, Strengths, Future Research, Conclusion, References, Appendices, Invitation Letter, Briefing, Consent Form, Internalized Homophobia Scale, Distress Disclosure Index, Attitudes Towards Seeking Professional Psychological Help Scale, Debriefing, Statistics.
700 1 _aPoulitsas Nikolaos
_98934
700 1 _aZachariadis Andreas Polydoros
_99135
942 _cDS
999 _c8558
_d8558